000
00316nam a2200133Ia 4500
003
OSt
005
20230726111150.0
008
170524s9999 xx 000 0 und d
040
_c
IIMT UNIVERSITY
100
_a
HERREY
245
0
_a
MANAGEMENT OF ORGANIZATION BEHAVIOUR
260
_b
CONCEPT PUB. CO.
942
_2
ddc
_c
02
999
_c
7900
_d
7900